Rast ekonomiky Slovenskej republiky neoklasickou optikou

Filozofia Sollow-Swan modelu. Tempo rastu efektívnej kapitálovej vybavenosti v Sollow-Swan modeli. Kalibrácia modelu. Simulácia Sollow-Swan modelu. Vývoj ekonomiky SR z pohľadu Sollow-Swan modelu: produkt, úspory, opotrebenie. Vývoj ekonomiky SR z pohľadu Sollow-Swan modelu: tempo rastu efektívnej k...

Full description

Saved in:
Bibliographic Details
Main Author: Dujava, Daniel
Format: Book Chapter
Language:Slovak
Subjects:
Tags: Add Tag
No Tags, Be the first to tag this record!

MARC

LEADER 00000nla$a2200000$$$4500
001 0122792
005 20240502083314.2
041 0 |a slo 
044 |a CZ 
245 1 0 |a Rast ekonomiky Slovenskej republiky neoklasickou optikou  |c Daniel Dujava 
520 |a Filozofia Sollow-Swan modelu. Tempo rastu efektívnej kapitálovej vybavenosti v Sollow-Swan modeli. Kalibrácia modelu. Simulácia Sollow-Swan modelu. Vývoj ekonomiky SR z pohľadu Sollow-Swan modelu: produkt, úspory, opotrebenie. Vývoj ekonomiky SR z pohľadu Sollow-Swan modelu: tempo rastu efektívnej kapitálovej vybavenosti. Endogenizácia sklonu k úsporám. 
610 2 0 |a rast hospodársky 
610 2 0 |a kapitál 
610 2 0 |a úspory 
610 2 0 |a tempo rastu hospodárskeho 
610 2 0 |a financie verejné 
610 2 0 |a modelovanie 
610 2 0 |a modely 
100 1 |a Dujava, Daniel